Loading...
| Science - Chemistry | 0 | 6 | 1 | 1 | 55 | 36 | 74.83 | 2 | 3 |
| History - World History | 0 | 3 | 1 | 1 | 25 | 91 | 103.00 | 0 | 1 |
| History - American History | 0 | 2 | 0 | 1 | 20 | 112 | 126.00 | 0 | 0 |
| Mythology | 0 | 1 | 0 | 1 | 10 | 144 | 144.00 | 0 | 0 |
| Geography | 0 | 1 | 0 | 0 | 10 | 61 | 61.00 | 0 | 0 |
| Science - Other Science | 0 | 1 | 0 | 0 | 10 | 117 | 117.00 | 0 | 0 |
| Science - Physics | 0 | 2 | 3 | 1 | 5 | 91 | 105.50 | 0 | 0 |
| Science - Biology | 0 | 1 | 1 | 1 | 5 | 134 | 134.00 | 0 | 0 |
| Current Events | 0 | 1 | 1 | 0 | 5 | 50 | 50.00 | 0 | 1 |
| History - European History | 0 | 0 | 0 | 0 | 0 | 0.00 | 0 | 0 | |
| Literature - World Literature | 0 | 0 | 1 | 0 | -5 | 0.00 | 0 | 0 | |
| Other Academic | 0 | 0 | 1 | 0 | -5 | 0.00 | 0 | 0 | |
| Religion | 0 | 1 | 4 | 0 | -10 | 113 | 113.00 | 0 | 0 |